LDR 00987naa#a2200193#i#450# 001 RU\\bibl\119798 005 20260418181617.6 011 ## _a1819-4036 100 ## _a20210226b2021####ek#y0rusy0150####ca 102 ## _aRU 200 1# _aПАТОМОРФОЛОГИЧЕСКИЕ ИЗМЕНЕНИЯ В ОРГАНАХ КРУПНОГО РОГАТОГО СКОТА, СОДЕРЖАЩЕГОСЯ В УСЛОВИЯХ ТЕХНОГЕННОЙ ПРОВИНЦИИ _eЖурнальная статья 210 1# _aКрасноярск _cКрасноярский государственный аграрный университет _d2021 215 ## _a6 с. 608 ## _aЖурнальная статья _2local 675 ## _aСравнительная патология. Ветеринария. 619 _z 700 #1 _aГертман _gАлександр Михайлович 700 #1 _aСамсонова _gТатьяна Сергеевна 700 #1 _aМаксимович _gДина Мратовна 856 4# _asej.kgau.ru _u